| 000 | 01439nam a22002537a 4500 | ||
|---|---|---|---|
| 003 | Uzh_bibl | ||
| 008 | 260430b |||||||| |||| 00| 0 ukr d | ||
| 020 | _c0.60 | ||
| 040 | _aукр. | ||
| 041 |
_2ukr _aukr |
||
| 080 | _a821(477) | ||
| 090 |
_a821(477) _bН 16 |
||
| 100 | _aНагнибіда, Микола | ||
| 245 |
_aДзвони Хатині _hТекст |
||
| 260 |
_aКиїв _bДніпро _c1979 |
||
| 300 |
_a75 с. _bІл. _fВ опр. |
||
| 520 | _aУ творі йдеться про трагедію білоруського села Хатині, знищеного фашистами в роки Другої світової війни.Поема відтворює страшну трагедію знищення білоруського села Хатинь разом із його мешканцями. Автор через образи болю, втрат і пам’яті засуджує жорстокість війни та увічнює пам’ять невинних жертв. | ||
| 521 | _aДля широкого кола читачів | ||
| 546 | _aукр. | ||
| 650 |
_aЛітературно-художнє видання _yДруга світова війна (зокрема 1943 рік) _zБілорусь, село Хатинь |
||
| 653 |
_aТрагедія _aВійна _aПам’ять _a Жертви _aФашизм |
||
| 655 |
_aПоема _vПоема |
||
| 942 |
_2udc _cBK |
||
| 999 |
_c17572 _d17572 |
||